1915 1976 1461 1325 1627 1331 1257 1022 1625 1718 1072 1593 1168 1776 1147 1531 1991 1482 1003 1943 1541 1780 1341 1869 1646 1213 1828 1883 1258 1213 1781 1467 1250 1222 1757 1885 1439 1095 1468 1747 1550 1831 1767 1373 1372 1430 1330 1925 1847 1835 1312 1902 1384 1532 1960 1965 1239 1887 1510 1030 1846 1034 1358 1757 1105 1810 1311 1169 1707 1546 1981 1176 1306 1225 1322 1698 1717 1344 1692 1280 1693 1216 1801 1699 1086 1174 1756 1287 1414 1879 1769 1905 1310 1561 1350 1800 1931 1046 1401 BCNSPRNW ULIB Ver.6.0+V

เปลี่ยนเป็นภาษาไทย

Change to English
 แสดงรายละเอียดบรรณานุกรม
  กลับหน้าหลัก

Brief Record : Get Marc (ISO 2709) : E-mail record : QR code < ปิดหน้าต่าง
LEADER : 00000nam 2200000uu 4500
001    13399108912
003     ULIB
008    110316s2544||||th 000 0 tha d
020    9741316372
024    9789741316373
060 04 WY20.5^bบ418ร 2544
100 0  บุญใจ ศรีสถิตย์นรากูร
245 10 ระเบียบวิธีการวิจัยทางพยาบาลศาสตร์ =^bThe methodology innursing research /^cบุญใจ ศรีสถิตย์นรากูร
246 31 The methodology in nursing research
250    พิมพ์ครั้งที่ 1
260    กรุงเทพฯ :^bคณะพยาบาลศาสตร์ จุฬาลงกรณ์มหาวิทยาลัย,^c2544
300    34 หน้า :^bภาพประกอบ ;^c26 ซม.
650  7 การพยาบาล^xวิจัย^xวิธีวิทยา
650  7 การพยาบาล^xการศึกษาและการสอน
650  7 วิจัย
710 2  จุฬาลงกรณ์มหาวิทยาลัย. ^bคณะพยาบาลศาสตร์
945    ^p298^l0^i014886
945    ^p298^l0^i014885
945    ^p298^l0^i014884
945    ^p298^l0^i014497
945    ^p298^l0^i014495
945    ^p298^l0^i014494
945    ^p298^l0^i014493
945    ^p298^l0^i014496
995    เกษร
999 ^a ใช้งานได้ทุกระบบ
รายการนี้ยังไม่มีแท็ก
คุณยังไม่ได้ล็อกอิน คุณสามารถมีกิจกรรมร่วมกับเว็บไซต์ได้ แต่ต้องล็อกอินก่อน ::
  ล็อกอิน

รายการสื่อสารสนเทศ

ลำดับที่ ประเภท เลขเรียก/บาร์โค้ด สถานที่ สถานะ
- ไม่พบข้อมูล -

รายการใกล้เคียง
    ผู้แต่ง [บุญใจ ศรีสถิตย์นรากูร]

    หัวเรื่อง [วิจัย]

BibComment


ยังไม่เคยถูกคอมเมนท์

คอมเมนท์ทรัพยากรรายการนี้
  คอมเมนท์: ระเบียบวิธีการวิจ..


 Copyright 2026. Bcnsprnw @Library